000 00543nam a22001817a 4500
999 _c4166
_d4166
003 GBCCL
005 20241126110512.0
008 180116b xxu||||| |||| 00| 0 eng d
040 _cgbc
082 _aVER 227.407
_bPHU
100 _aPhung Za Pao, N.
_97931
245 _aGalatiate Kianga Paul laikhak /
_cN. Phung Za Pao
260 _bEvangelical Book House,
_aLamka:
_c1987
300 _a165 p.;
_c18 cm.
440 _aSaptuam Liasiangthou Hilhchetna
_97932
650 _aBible
_vNew Testament
_vGalatians
_xCommentary
_97953
942 _2ddc
_cBK
_09